=LDR 00000nam 2200000 4500 =001 INLIS000000000001550 =005 20130612085941 =008 ***********************************Ind** =035 ##$$0010-061300000001550 =041 ##$$a Ind =082 ##$$a 330.07 =090 ##$$a 330.07, Sug-e =100 ##$$a SUGIYANTO, Katijan =245 ##$$a Ekonomi Pendidikan Dasar 9 tahun untuk SLTP, Katijan Sugiyanto =260 ##$$a 2000 $b Surakarta =300 ##$$a ...jil, ilus, 28 cm =650 ##$$a Ekonomi =650 ##$$a Pendidikan Dasar (SLTP) =850 ##$$a NBPNMAT